| 000 | 00974cam a2200289 a 4500 | ||
|---|---|---|---|
| 001 | 000002826 | ||
| 005 | 20200929150250.0 | ||
| 008 | 830803s1983 sp b 001 0 spa | ||
| 020 | _a8426122647 | ||
| 040 |
_aDO-SdBNP _cDLC _dDLC |
||
| 041 | 1 | 7 |
_aspa _heng |
| 082 |
_a813.5 _bW286RzS |
||
| 100 | 1 |
_aSnipes, Katherine, _d1922- _98950 |
|
| 245 | 1 | 0 |
_aRobert Penn Warren / _cKatherine Snipes; traducción, Víctor Pozanco. |
| 260 |
_aBarcelona : _bJuventud, _c1983. |
||
| 300 |
_a189 p. ; _c21 cm. |
||
| 504 | _aIncluye notas : p.193-196. | ||
| 504 | _aBibliografía : p. 185-189. | ||
| 500 | _aIncluye índice. | ||
| 500 | _aIncluye cronología : p. 199-201 | ||
| 534 | _aTítulo original : Robert Penn Warren | ||
| 600 | 1 | 4 |
_aWARREN, ROBERT PENN, _d1905-1989 _xCRÍTICA E INTERPRETACIÓN _98951 |
| 650 | 4 |
_aPoesía estadounidense _96278 |
|
| 650 | 4 |
_aLiteratura estadounidense _9263 |
|
| 700 | 1 |
_aPozanco, Víctor _etr. _98952 |
|
| 910 | _aCatalogación por copia / LC | ||
| 999 |
_c2660 _d2660 |
||